Meadow Hall shops Quiz Stats

 Plays Quiz not verified by Sporcle

Challenge
Share
Tweet
Embed
Score 0/253 Timer 20:00
0 Plays Today
Shop % Correct
Next
100%
Primark
100%
Boots
75%
Clarks
75%
Costa
75%
Debenhams
75%
HMV
75%
Marks and Spencer
75%
Monsoon
75%
Sports direct
75%
Starbucks
75%
TK Maxx
75%
Waterstone's
75%
Ann Summers
50%
Apple
50%
Bhs
50%
Blacks
50%
Build a bear
50%
Claire's
50%
Early Learning Centre
50%
Fat face
50%
Foot Locker
50%
GAME
50%
Gap
50%
Greggs
50%
House of fraser
50%
JD
50%
McDonalds
50%
Millies Cookies
50%
Oasis
50%
Orange
50%
Paperchase
50%
Phones 4u
50%
River Island
50%
Schuh
50%
Shakeaway
50%
Subway
50%
Superdrug
50%
The Disneystore
50%
The works
50%
Topman
50%
Topshop
50%
WHSmith
50%
Accessorize
25%
Argos
25%
Baskin Robbins
25%
BOOST Juice bars
25%
Boux Avenue
25%
Burton
25%
Cafe Rouge
25%
Carphone warehouse
25%
Coast
25%
Currys
25%
Dorothy Perkins
25%
Evans
25%
F Hinds
25%
Game station
25%
GO
25%
Goldsmiths
25%
H
25%
Halifax
25%
Harry Ramsden's
25%
Hobbs
25%
Holland & Barrett
25%
Hollister
25%
Hotel chocolat
25%
Jane Norman
25%
Jessops
25%
KFC
25%
La Senza
25%
Lakeland
25%
Laura Ashley
25%
Levi's
25%
Lush
25%
Model Zone
25%
Moss
25%
Mothercare
25%
O2
25%
Office
25%
PC world
25%
Phase eight
25%
Pizza express
25%
Pizza hut
25%
Poundland
25%
Quiz
25%
Shop % Correct
Republic
25%
Santander
25%
Shoe zone
25%
Sky
25%
Sony centre
25%
The body shop
25%
The entertainer
25%
The perfume shop
25%
Thomas Cook
25%
Thomsons
25%
Thorntons
25%
Tie rack
25%
Timpson
25%
T-mobile
25%
Vision express
25%
Vodafone
25%
VUE
25%
Wagamama
25%
Wallis
25%
Zara
25%
Alan Paul
0%
Aldo
0%
All Saints
0%
Amika
0%
Ann Harvey
0%
Appy feet
0%
Arkwrights Emporium
0%
Aspecto
0%
Austin Reed
0%
Bagz
0%
BANK
0%
Baron Jon
0%
Barratts
0%
Beaverbrooks
0%
Bench
0%
Birthdays
0%
Blue inc
0%
Boaters Coffee Company
0%
Bonmarche
0%
Brother 2 Brother
0%
Cafe Nova
0%
Candletime
0%
Card factory
0%
Castle Galleries
0%
CC
0%
ChaoBaby
0%
Charles Clinkard
0%
Cleopatra
0%
Clinton
0%
Coal grill
0%
CollardManson
0%
Crabtree & Evelyn
0%
Crumpler
0%
Crystal Amaze
0%
Daily News
0%
Dr & Herbs
0%
Dune
0%
El Mexicana
0%
Ernest Jones
0%
Eurochange
0%
Extravagance
0%
Fancie
0%
Frankie and Benny's
0%
Games workshop
0%
Garage shoes
0%
Giraffe
0%
G-STAR RAW
0%
GT
0%
Guess
0%
H L Brown
0%
H&M
0%
Handmade burger
0%
Harpers
0%
Harvester
0%
Henri Lloyd
0%
Hey potato!
0%
Hot hair
0%
Hotter shoes
0%
HSBC
0%
BOSS
0%
Jacques Vert
0%
Jaeger
0%
Jigsaws R Us
0%
Joe Delucci's
0%
Karen Millen
0%
Shop % Correct
Kids at Clinks
0%
Krispy Kreme
0%
Kuoni
0%
Kurt Geiger
0%
L.K.Bennett
0%
La Tasca
0%
Lacoste
0%
Las Iguanas
0%
Leslie Davis
0%
Lipsy
0%
Lloys TSB
0%
L'occitane
0%
Love coffee
0%
Love desserts
0%
Magnolia
0%
Mamas & papas
0%
Marble slab creamery
0%
Max Spielmann
0%
MIC
0%
MIMCO
0%
Mint nail and beauty bar
0%
Miss selfridge
0%
Moda in Pelle
0%
Molton Brown
0%
Motorclean
0%
Mr pretzels
0%
Music box
0%
Nando'sNew look
0%
Nosh
0%
Nutbar
0%
Olivers childrenswear
0%
O'Neill
0%
Optical Express
0%
Ortak
0%
Pandora
0%
Peach accessories
0%
RAC
0%
Radley
0%
RED5
0%
REGIS
0%
REISS
0%
Rice
0%
Rieker
0%
RBS
0%
Russel & Bromley
0%
Scotts
0%
Sewfast
0%
Shere Khan
0%
Smarty Pants
0%
Soap and Co.
0%
Sunglasss Hut
0%
Supercuts
0%
Superdry
0%
Swarovski
0%
Sweatshop
0%
Sweet Tradition
0%
T.G.I Friday's
0%
T.M.Lewin
0%
Ted Baker
0%
The F1 Shop
0%
The Fragrance Shop
0%
The officers club
0%
The tool shed
0%
Thomas Sabo
0%
Three
0%
Timberland
0%
Time art gallery
0%
Tucci
0%
USC
0%
Van Mildert
0%
Vans
0%
Virgin holidays
0%
Viyella
0%
Warehouse
0%
Warren James
0%
Watch hospital
0%
West One
0%
Xtras
0%
Yangtze
0%
Yo! Sushi
0%
Yorkshire bank
0%
Zen
0%
Zizzi
0%

You're not logged in!

Compare scores with friends on all Sporcle quizzes.
Join for Free
OR
Log In

You Might Also Like...

Show Comments

Extras

Created Mar 24, 2012ReportFavoriteNominate
Tags:hall, shop

Top Quizzes Today


Score Distribution

Your Account Isn't Verified!

In order to create a playlist on Sporcle, you need to verify the email address you used during registration. Go to your Sporcle Settings to finish the process.

Report this User

Report this user for behavior that violates our Community Guidelines.

Details: